000 00315nam a2200133Ia 4500
008 230917s9999||||xx |||||||||||||| ||und||
040 _e132165
_aMAIN
041 _aEnglish
082 _a330.1543 K141M
100 _aKapoor
245 0 _aMathematics & statistics for economics
300 _a220p p.
942 _cBK
999 _c126641
_d126641